Statistiques concernant Top 100 des jeux Super Nintendo (SNES)

Cliquez ici pour prendre le quiz!

Statistiques générales

  • Ce quiz a été pris 149 fois
  • Le résultat moyen est 14 sur 100

Statistiques - réponses

#Jeux% Correct
8Super Mario Kart
84%
5Super Mario World
76%
1The Legend of Zelda:
A Link to the Past
61%
7Super Mario World 2:
Yoshi's Island
56%
3Super Metroid
54%
6Street Fighter II Turbo
53%
28Donkey Kong Country
46%
16Donkey Kong Country 2:
Diddy's Kong Quest
42%
18F-Zero
42%
4Final Fantasy III
41%
9Star Fox
40%
58Donkey Kong Country 3:
Dixie Kong's Double Trouble!
37%
12Mega Man X
35%
11Secret of Mana
35%
14Final Fantasy II
32%
21Super Castlevania IV
32%
2Chrono Trigger
31%
20Super Mario All-Stars
31%
60Aladdin
27%
10Super Mario RPG:
Legend of the Seven Stars
25%
13Earthbound
24%
31Mega Man X2
23%
67Mega Man X3
21%
51Super Ghouls 'n Ghosts
21%
17Super Punch-Out!!!
20%
25Mortal Kombat II
19%
24Contra III: The Alien Wars
18%
82Killer Instinct
18%
47Kirby Super Star
17%
62Kirby's Dreamland 3
15%
49Super Bomberman
15%
22Mario Paint
14%
97Ultimate Mortal Kombat 3
13%
92Super Double Dragon
12%
57Earthworm Jim
11%
80Pilotwings
11%
43Breath of Fire
10%
44Demon's Crest
10%
19ActRaiser
9%
53Breath of Fire II
9%
35Sim City
9%
66The Lion King
9%
74Illusion of Gaia
8%
38Kirby's Dream Course
8%
36NBA Jam
8%
59NHL '94
8%
64International Superstar Soccer
7%
83Super Star Wars
7%
55Axelay
6%
40Earthworm Jim 2
6%
89Super Bomberman 2
6%
84Super Tennis
6%
29Wario's Woods
6%
100Final Fight
5%
45Gradius III
5%
39Teenage Mutant Ninja Turtles:
Turtles in Time
5%
15Tetris Attack
5%
50Yoshi's Cookie
5%
56Alien 3
4%
42EVO: Search for Eden
4%
79Flashback
4%
75Madden '94
4%
41Ogre Battle: March of
the Black Queen
4%
76Soul Blazer
4%
86Stunt Race FX
4%
81The Death and Return
of Superman
4%
30The Lost Vikings
4%
23The Magical Quest Starring
Mickey Mouse
4%
46Harvest Moon
3%
52Ken Griffey Jr.'s Winning Run
3%
68Kirby's Avalanche
3%
32Legend of the Mystical Ninja
3%
34Lufia II: Rise of the Sinistrals
3%
33Metal Warriors
3%
87Sparkster
3%
27Tetris & Dr. Mario
3%
99Tiny Toon Adventures:
Buster Busts Loose
3%
37UN Squadron
3%
78X-Men: Mutant Apocalypse
3%
48Zombies Ate My Neighbors
3%
90Blackthorne
2%
63Fatal Fury 2
2%
61Joe & Mac 2: Lost in the Tropics
2%
71Jungle Strike
2%
73Pocky & Rocky 2
2%
70Populous
2%
72Rock n' Roll Racing
2%
65R-Type III
2%
77Shadowrun
2%
85Spider-Man & Venom:
Maximum Carnage
2%
96Street Fighter Alpha 2
2%
88Sunset Riders
2%
91Super Star Wars:
The Empire Strikes Back
2%
54Bust-a-Move
1%
69Out of this World
1%
26Super Return of the Jedi
1%
93Super Turrican 2
1%
94The Adventures of
Batman & Robin
1%
95Top Gear 2
1%
98Uniracers
1%

Distribution des résultats

Percentile par nombre de réponses

% des personnes avec chaque résultat

Votre développement - résultats

Vous n’avez pas pris ce quiz